000
00233nam a2200097Ia 4500
005
20251222141911.0
008
251222s9999||||xx |||||||||||||| ||spa||
082
_a
249.3/I59
245
0
_a
Confirmación: Libro del confirmado
942
_c
LIB
999
_c
8374
_d
8374